Lyrics to 'The Lazy Song' by Bruno Mars - Statistics

General Stats
  • This quiz has been taken 112 times
  • The average score is 261 of 335
Answer Stats
Answer % Correct
do
100%
I
100%
to
100%
Today
100%
today
100%
a
99%
anythin
99%
don't
99%
Don't
99%
feel
99%
like
99%
be
98%
doing
98%
in
98%
my
98%
bed
96%
just
95%
lay
95%
So
95%
so
95%
wanna
95%
No
94%
no
94%
not
94%
the
94%
me
93%
phone
93%
up
93%
at
92%
picking
92%
leave
91%
mess
91%
message
91%
tone
89%
Cause
88%
cause
88%
I'm
88%
anything
87%
all
84%
Nothing
82%
swear
81%
gon
79%
gonna
78%
can
74%
Oh
71%
And
69%
and
69%
it
65%
said
62%
is
61%
on
59%
sex
59%
"This
56%
this
56%
Yeah
56%
yeah
56%
nice
55%
have
54%
can't
53%
going
53%
great"
53%
great
53%
really
53%
girl
52%
some
51%
I'll
48%
ain't
47%
pants
47%
she's
47%
god
46%
Yes
46%
feet
45%
man
45%
of
45%
out
45%
scream
45%
tell
45%
anywhere
44%
birthday
44%
hair
44%
hand
44%
how
44%
TV
44%
suit
42%
then
42%
kick
41%
Turn
41%
But
40%
stare
40%
teach
40%
they
40%
everything
39%
will
39%
castle
38%
get
38%
comb
36%
degree
35%
proud
34%
freaking
33%
Meet
33%
old
33%
sorry
33%
college
32%
dougie
32%
let
32%
wait
32%
you'll
32%
chilling
31%
MTV
31%
throw
31%
wake
31%
around
29%
bet
29%
fan
29%
might
29%
Nobody's
29%
hang
28%
pops
28%
snuggie
27%
loose
26%
Tomorrow
26%
couch
25%
Click
21%
strut
21%
P90X
20%
lounging
16%
No matching quizzes found
Score Distribution
Percent of People with Each Score
Percentile by Number Answered
Your Score History
You have not taken this quiz